Memoire de l'Egypte /

محفوظ في:

المؤلف الرئيسي: Hart, George, 1945- (مؤلف)

مؤلفون آخرون: Hayman, Peter.

التنسيق: كتاب

اللغة: French

منشور في: Paris : Gallimard, 1990.

سلاسل: Yeux de la découverte.

الموضوعات:

الوسوم: إضافة وسم

لا توجد وسوم, كن أول من يضع وسما على هذه التسجيلة!

رقم الطلب: DT59 .H27 1990

LEADER 00807namaa2200265 4500
001 13478
003 OSt
005 20260519081505.0
008 130303s1990 fr a 000 0 fre d
020 |a 207056519x 
020 |a 9782070565191 
040 |c ARCE Library 
043 |a f-ua--- 
050 4 |a DT59 .H27 1990 
100 1 |a Hart, George,   |d 1945-,   |e author 
245 1 0 |a Memoire de l'Egypte /  |c par George Hart ; photographies originales de Peter Hayman. 
264 1 |a Paris :  |b Gallimard,  |c 1990. 
300 |a 64 pages :  |b illustrations (some color) ;  |c 29 cm. 
490 0 |a Yeux de la découverte. 
651 0 |a Egypt  |x Civilization  |y To 332 B.C.  |v Juvenile literature. 
651 0 |a Egypt  |x Civilization  |y To 332 B.C. 
700 1 |a Hayman, Peter. 
901 |a reviewed 
942 |c BK  |2 lcc 
999 |c 14553  |d 14553